000 00198pam a2200109 a 4500
020 _c
041 _h
100 _aP.Sudhakar
245 _aWaste Management
653 _aManagement
930 _a932
999 _c246785
_d246785